000 00584nam a2200241 a 4500
001 nice12345678
003 IN_TiNIC
005 20260116011900.0
008 050524s1952 lona grp 000 0 eng
020 _a
_c100
082 0 0 _a226
_bRIE
100 _aRien, E V
245 _aFour Gospels.
260 _aLondon
_bPenguin Books, Melbourne
_c1952
300 _a245p
500 _aincludes index and biblioraphy
505 2 _aTranslation from Greek, copy 1 and 2
650 _aBible N.T. Gospel
700 1 _aRien, E V
902 _bSRS
942 _cBK
999 _c4690
_d4690